000 00599nam a2200229Ia 4500
003 OSt
005 20220926004640.0
006 a|||||r|||| 00| 0
007 ta
008 220923b |||||||| |||| 00| 0 eng d
037 _cGeneral Book
040 _aRTL
_cRTL
_beng
041 _2eng
_aeng
082 _aU45.2.N, P5
100 _aHASSAN M. I.
_9309064
245 0 _aPopulation geography
260 _a New Delhi
_bRW
_c2005
300 _a413
_ccm.
500 _aBibliography chapterwise
942 _hU45.2.N, P5
_cGB
_2CC
999 _c611866
_d611866